[Event "EU-chT (Women) 23rd"]
[Site "Terme Catez"]
[Date "2021.11.18"]
[Round "6.2"]
[White "Medic, Mirjana"]
[Black "Emelianova, Maria"]
[Result "1-0"]
[WhiteElo "2196"]
[BlackElo "2113"]
[PlyCount "75"]
[EventDate "2021.11.12"]
[EventType "team-swiss"]
[EventRounds "9"]
[EventCountry "SLO"]
[SourceTitle "CBM 205"]
[Source "ChessBase"]
[SourceDate "2021.12.31"]
[SourceVersion "1"]
[SourceVersionDate "2021.12.31"]
[SourceQuality "1"]
[WhiteTeam "Croatia (W)"]
[BlackTeam "England (W)"]
[WhiteTeamCountry "CRO"]
[BlackTeamCountry "ENG"]

1. d4 Nf6 2. Nf3 g6 3. g3 Bg7 4. c4 0-0 5. Bg2 d6 6. Nc3 Nbd7 7. 0-0 e5 8. h3 Re8 9. e4 exd4 10. Nxd4 Nc5 11. Re1 Bd7 12. Rb1 a5 13. b3 a4 14. b4 Ne6 15. Nf3 Ng4 16. Nd5 Ne5 17. Nxe5 Bxe5 18. Be3 Bg7 19. Qd2 b6 20. f4 c5 21. f5 Nd4 22. g4 Rb8 23. Rf1 Bc6 24. fxg6 hxg6 25. Bg5 Qd7 26. Nf6+ Bxf6 27. Bxf6 Re6 28. Bxd4 cxd4 29. Qxd4 Qb7 30. Rf4 Rbe8 31. Rbf1 Rxe4 32. Bxe4 Rxe4 33. Rxe4 Bxe4 34. Qxd6 Bg2 35. Qd8+ Kh7 36. Qh4+ Kg8 37. Rd1 f5 38. Qd8+ 1-0

[Event "Checkmate Covid Rematch"]
[Site "Chess.com INT"]
[Date "2021.06.05"]
[Round "?"]
[White "Shearsby, Jude"]
[Black "Emelianova, Maria"]
[Result "1-0"]
[WhiteElo "1673"]
[BlackElo "2113"]
[PlyCount "38"]
[EventDate "2021.06.05"]
[EventType "swiss (blitz)"]
[EventRounds "20"]
[EventCountry "ENG"]
[SourceTitle "CBM 202 Extra"]
[Source "ChessBase"]
[SourceDate "2021.07.31"]
[SourceVersion "1"]
[SourceVersionDate "2021.07.31"]
[SourceQuality "1"]

1. d4 Nf6 2. Nc3 g6 3. Bf4 Bg7 4. e3 d6 5. h4 0-0 6. h5 Nxh5 7. Rxh5 gxh5 8. Qxh5 e5 9. Bg5 Bf6 10. Bd3 Re8 11. Qxh7+ Kf8 12. Bh6+ Ke7 13. Nd5+ Ke6 14. Be4 Kd7 15. Qf5+ Re6 16. dxe5 Bxe5 17. Qxf7+ Kc6 18. Nxc7+ Kb6 19. Nxa8+ Ka6 1-0

[Event "Isolated Queens Internet op 2nd"]
[Site "Chess.com INT"]
[Date "2020.05.02"]
[Round "5"]
[White "Emelianova, Maria"]
[Black "Mirza, Diana"]
[Result "0-1"]
[WhiteElo "2113"]
[BlackElo "1939"]
[PlyCount "180"]
[EventDate "2020.05.02"]
[EventType "swiss"]
[EventRounds "10"]
[EventCountry "USA"]
[SourceTitle "CBM 195 Extra"]
[Source "ChessBase"]
[SourceDate "2020.05.31"]
[SourceVersion "1"]
[SourceVersionDate "2020.05.31"]
[SourceQuality "1"]

1. e4 d5 2. exd5 Qxd5 3. Nc3 Qd8 4. d4 Nf6 5. Nf3 Bg4 6. Be2 e6 7. h3 Bxf3 8. Bxf3 c6 9. 0-0 Nbd7 10. Bf4 Be7 11. Qd3 0-0 12. Rfe1 Nd5 13. Bg3 N7f6 14. Ne4 Nb4 15. Qc4 b5 16. Nxf6+ Bxf6 17. Qxb4 Qxd4 18. Qxd4 Bxd4 19. Be5 Rad8 20. Bxc6 b4 21. Bxd4 Rxd4 22. Rad1 Rc4 23. Ba4 h6 24. Rd7 a5 25. Red1 Re4 26. c3 bxc3 27. Bc2 Re2 28. Bb1 c2 29. Bxc2 Rxc2 30. R7d2 Rc5 31. Rd8 Rc2 32. Rxf8+ Kxf8 33. Rd8+ Ke7 34. Rb8 Rc5 35. a3 Rc1+ 36. Kh2 Rc2 37. Kg3 h5 38. Rb7+ Kf6 39. Rb5 g5 40. b4 axb4 41. axb4 Rb2 42. Rb8 h4+ 43. Kf3 Rb3+ 44. Ke4 Rb2 45. Ke3 Rb3+ 46. Ke4 Kg6 47. b5 f5+ 48. Ke5 Kf7 49. b6 Rb5+ 50. Kd6 Rd5+ 51. Kc6 Rd2 52. b7 Rc2+ 53. Kd7 Rd2+ 54. Kc7 Rc2+ 55. Kd6 Rd2+ 56. Kc5 Rxf2 57. Rf8+ Kxf8 58. b8Q+ Kf7 59. Qc7+ Kf6 60. Qd8+ Kg6 61. Qe8+ Kh6 62. Qxe6+ Kh5 63. Qf7+ Kh6 64. Qf6+ Kh5 65. Qc6 Rc2+ 66. Kd5 Rxc6 67. Kxc6 g4 68. Kd5 g3 69. Kd4 Kg5 70. Ke3 f4+ 71. Ke4 f3 72. Kxf3 Kf5 73. Ke3 Ke5 74. Kf3 Kd4 75. Kg4 Ke3 76. Kxh4 Kf2 77. Kg4 Kxg2 78. h4 Kf2 79. h5 g2 80. h6 g1Q+ 81. Kh5 Qh2+ 82. Kg6 Qg3+ 83. Kf7 Qf4+ 84. Kg6 Qg4+ 85. Kf6 Qh5 86. Kg7 Qg5+ 87. Kh7 Kf3 88. Kh8 Qf6+ 89. Kg8 Qg6+ 90. Kf8 Qxh6+ 0-1

[Event "Isolated Queens Internet op 2nd"]
[Site "Chess.com INT"]
[Date "2020.05.02"]
[Round "10"]
[White "Yu, Avery"]
[Black "Emelianova, Maria"]
[Result "0-1"]
[WhiteElo "1376"]
[BlackElo "2113"]
[PlyCount "155"]
[EventDate "2020.05.02"]
[EventType "swiss"]
[EventRounds "10"]
[EventCountry "USA"]
[SourceTitle "CBM 195 Extra"]
[Source "ChessBase"]
[SourceDate "2020.05.31"]
[SourceVersion "1"]
[SourceVersionDate "2020.05.31"]
[SourceQuality "1"]

1. e4 c5 2. Nf3 Nc6 3. Bb5 d6 4. Bxc6+ bxc6 5. 0-0 Nf6 6. d3 e5 7. h3 Be7 8. Nc3 Qc7 9. Be3 Ba6 10. Qd2 d5 11. Rfe1 d4 12. Bxd4 cxd4 13. Ne2 0-0 14. Ng3 Rab8 15. Qc1 Qa5 16. a3 Bd6 17. b4 Qc7 18. Nf5 Bc8 19. N3h4 Bxf5 20. Nxf5 Ne8 21. Qg5 f6 22. Qg3 g6 23. Nh6+ Kg7 24. Ng4 h5 25. Nh2 f5 26. f3 f4 27. Qf2 Qe7 28. Kh1 c5 29. bxc5 Bxc5 30. Reb1 Nc7 31. a4 Rxb1+ 32. Rxb1 Na6 33. Rb5 Rb8 34. Rxb8 Nxb8 35. Qe1 Qg5 36. Nf1 Nc6 37. Qb1 Ne7 38. Qb5 Bd6 39. Qa6 Qf6 40. Qxa7 g5 41. a5 Kh6 42. Qb6 Kg6 43. Nd2 Nc8 44. Qc6 Qd8 45. a6 Na7 46. Qb7 Qb8 47. Qxb8 Bxb8 48. Nc4 Nc6 49. Nb6 Nb4 50. Nd7 Nxa6 51. Nxb8 Nxb8 52. Kg1 Kf6 53. Kf1 Ke6 54. Ke1 Kd6 55. Kd2 Kc5 56. c3 dxc3+ 57. Kxc3 Nc6 58. Kd2 Nd4 59. Kc3 Ne2+ 60. Kd2 Ng3 61. Ke1 Kd4 62. Kd2 Nf1+ 63. Ke2 Ne3 64. Kd2 Nxg2 65. Ke2 Nh4 66. Kf2 Nxf3 67. Kxf3 Kxd3 68. Kf2 Kxe4 69. Ke2 f3+ 70. Kf2 Kf4 71. Kg1 e4 72. Kf2 e3+ 73. Kf1 Kg3 74. Ke1 f2+ 75. Kf1 e2+ 76. Kxe2 Kg2 77. Ke3 f1Q 78. Ke4 0-1

[Event "Roosendaal LBV op-A"]
[Site "Roosendaal"]
[Date "2012.08.17"]
[Round "3"]
[White "Emelianova, Maria"]
[Black "Haast, Mark"]
[Result "0-1"]
[WhiteElo "2113"]
[BlackElo "2278"]
[PlyCount "98"]
[EventDate "2012.08.16"]
[EventType "swiss"]
[EventRounds "6"]
[EventCountry "NED"]
[SourceTitle "CBM 150 Extra"]
[Source "ChessBase"]
[SourceDate "2012.10.19"]
[SourceVersion "1"]
[SourceVersionDate "2012.10.19"]
[SourceQuality "1"]

1. e4 c5 2. Nf3 Nc6 3. d4 cxd4 4. Nxd4 Nf6 5. Nc3 d6 6. Be2 e5 7. Nf5 Nxe4 8. Nxg7+ Bxg7 9. Nxe4 d5 10. Ng3 Be6 11. h4 Rg8 12. Bg4 Qd7 13. Bh3 0-0-0 14. Bg5 f6 15. Be3 Bxh3 16. Rxh3 d4 17. Bd2 f5 18. Qh5 Rdf8 19. 0-0-0 e4 20. Bf4 Nb4 21. a3 Nd5 22. Bd2 e3 23. fxe3 dxe3 24. Bxe3 Bxb2+ 25. Kxb2 Qb5+ 26. Kc1 Nxe3 27. Rd3 Nc4 28. Rb3 Qe5 29. Qf3 Qa1+ 30. Rb1 Qxb1+ 31. Kxb1 Nd2+ 32. Kc1 Nxf3 33. gxf3 Rf6 34. f4 Rg4 35. Ne2 Re6 36. Nd4 Re4 37. Nxf5 Rexf4 38. Ne7+ Kd8 39. Nd5 Rd4 40. Nf6 Rxh4 41. Re3 h5 42. Re8+ Kc7 43. c3 Rd6 44. Re7+ Kc6 45. Ne8 Rg6 46. Kc2 a5 47. Ng7 Rg2+ 48. Kd3 Rh3+ 49. Kc4 Rg4+ 0-1